000 00437nam a2200145Ia 4500
008 221007s9999 xx 000 0 und d
041 _aeng
082 _bREB
100 _aRebekah Salvi - 2k181098 & Dr. Manasi Javadekar - Guide
_9105106
245 _aEmployee Satisfaction At Chandukaka Saraf & Son Pvt. Ltd.
260 _c2019
_bSavitribai Phule Pune University
_aPune
300 _a76p
_cHard Bound
440 _v1
906 _bGeneral
999 _c80006
_d80006